000 00711nam a2200289Ia 4500
005 20260324151020.0
008 008 260324s9999 xx 000 0 eng d
020 _a9781315121482
037 _aEBOOK
040 _aCRL
040 _beng
040 _cCRL
041 _2eng
041 _aeng
084 _qCRL
100 _aHeinrich Hackmann; Daisie Rommel
_91228425
245 0 _aRevival: A German Scholar in the East (1914)
245 0 _bTravel Scenes and Reflections
260 _bTaylor and Francis
260 _c1914
365 _a
365 _b300
856 _uhttp://www.taylorfrancis.com/books/9781315121482
942 _cEBOOK
999 _c1838838
_d1838838